Mundos en red. La cultura popular frente a los retos del siglo XXI

Сохранить в:
Библиографические подробности
Главные авторы: Pinzón Castaño, Carlos Ernesto (Автор), Suárez Prieto, Rosa (Автор), Garay Ariza, Gloria (Автор)
Формат:
Язык:испанский
Опубликовано: Bogotá Universidad Nacional de Colombia 2004
Предметы:
Метки: Добавить метку
Нет меток, Требуется 1-ая метка записи!

MARC

LEADER 00000nam a2200000 a 4500
001 UCI2580
003 CL-VaPUC
008 070831e20040000CK |||||||||||||||||spa|d
020 |a 9587014650 
082 0 4 |a 306  |b PIN  |2 21 
100 0 |a Pinzón Castaño, Carlos Ernesto  |e author  |9 523601 
700 0 |a Suárez Prieto, Rosa  |e author  |9 523602 
700 0 |a Garay Ariza, Gloria  |e author  |9 523603 
245 1 0 |a Mundos en red. La cultura popular frente a los retos del siglo XXI 
300 |a 336 p 
942 |c BK 
945 |d 20070831 00:00:00  |a rbrito 
260 |a Bogotá  |b Universidad Nacional de Colombia  |c 2004 
600 0 7 |a INGA  |2 CL-VaPUC  |9 523604 
600 0 7 |a KAMSA  |2 CL-VaPUC  |9 523605 
650 0 |a Antropología social  |9 306264 
650 0 |a Etnología   |9 258726 
650 7 |a CAMBIO SOCIOCULTURAL  |2 CL-VaPUC  |9 340495 
650 0 |a Integración Cultural  |9 338434 
650 0 |a Sociología   |9 255410 
650 0 |a Indígenas  |9 317064 
650 0 |a Vida social y costumbres  |9 258725 
651 0 |a Colombia  |9 256424 
583 |a last modification  |c 20070831 00:00:00  |k Rodrigo Vera 
999 |c 327071  |d 327069 
952 |0 0  |1 0  |4 0  |6 306_000000000000000_PIN_2004  |7 0  |8 A  |9 409478  |a BIBHIS  |b BIBHIS  |d 2019-11-22  |i 4369025  |o 306 PIN 2004  |p 4369025  |r 2025-01-20  |w 2019-11-22  |y BK  |k HIS